| 000 -CABECERA |
| campo de control de longitud fija |
01257nam a2200325 a 4500 |
| 001 - NÚMERO DE CONTROL |
| campo de control |
000035530 |
| 005 - FECHA Y HORA DE LA ÚLTIMA TRANSACCIÓN |
| campo de control |
20200120222236.0 |
| 008 - DATOS DE LONGITUD FIJA--INFORMACIÓN GENERAL |
| campo de control de longitud fija |
090623s2006 ck a ar 000 1 spa d |
| 020 ## - NÚMERO INTERNACIONAL ESTÁNDAR DEL LIBRO |
| Número Internacional Estándar del Libro |
958-04-9472-X |
| 090 ## - LOCALMENTE ASIGNADO TIPO-LC NÚMERO DE CLASIFICACIÓN (OCLC); NÚMERO DE CLASIFICACIÓN LOCAL (RLIN) |
| Número de clasificación (OCLC) (R) ; Numero de clasificación, CALL (RLIN) (NR) |
A |
| Número cutter local (OCLC) ; Número de libro/Signatura topográfica íntegra, CALL (RLIN) |
KASm |
| 100 0# - ENTRADA PRINCIPAL--NOMBRE DE PERSONA |
| Nombre de persona |
Kasza, Keiko |
| 245 10 - MENCIÓN DE TÍTULO |
| Título |
Mi día de suerte / |
| Mención de responsabilidad, etc. |
Keiko Kasza; traducción de Cristina Puerta; edición de María Villa. |
| 260 ## - PUBLICACIÓN, DISTRIBUCIÓN, ETC. |
| Lugar de publicación, distribución, etc. |
Bogotá : |
| Nombre del editor, distribuidor, etc. |
Norma, |
| Fecha de publicación, distribución, etc. |
2006. |
| 300 ## - DESCRIPCIÓN FÍSICA |
| Extensión |
31 p. : il., col. |
| 490 0# - MENCIÓN DE SERIE |
| Mención de serie |
Buenas noches |
| 590 ## - NOTA LOCAL (RLIN) |
| Nota local |
Ej 2, 3, Ceic Norte, 2, 3, 4 icef, ej. 1 al 6 ceic ciudadela: Plan Lector 2010 |
| 500 ## - NOTA GENERAL |
| Nota general |
Pertenece a Ceic - Norte |
| 500 ## - NOTA GENERAL |
| Nota general |
Ejemplar 2 en Biblioteca Marichuela con ISBN 9789584538918 |
| 500 ## - NOTA GENERAL |
| -- |
Ej.1 col mosquera con ISBN 9789584538918 |
| 500 ## - NOTA GENERAL |
| Nota general |
Ej.1 de la Biblioteca Carlos E. Restrepo pertenece a la colección donada por Bibliored. |
| 500 ## - NOTA GENERAL |
| Nota general |
Ej.1 de la Biblioteca Carlos E. Restrepo con ISBN: 9789584538918 |
| 534 ## - NOTA SOBRE LA VERSIÓN ORIGINAL |
| Encabezamiento principal del original |
Título original : My lucky day |
| 650 14 - PUNTO DE ACCESO ADICIONAL DE MATERIA--TÉRMINO DE MATERIA |
| Término de materia o nombre geográfico como elemento de entrada |
Album infantil japonés |
| 650 17 - PUNTO DE ACCESO ADICIONAL DE MATERIA--TÉRMINO DE MATERIA |
| Término de materia o nombre geográfico como elemento de entrada |
Literatura infantil japonesa |
| Fuente del encabezamiento o término |
LEMB |
| 650 17 - PUNTO DE ACCESO ADICIONAL DE MATERIA--TÉRMINO DE MATERIA |
| Término de materia o nombre geográfico como elemento de entrada |
Lobos en la literatura |
| Fuente del encabezamiento o término |
LEMB |
| 650 17 - PUNTO DE ACCESO ADICIONAL DE MATERIA--TÉRMINO DE MATERIA |
| Término de materia o nombre geográfico como elemento de entrada |
Cerdos en la literatura |
| Fuente del encabezamiento o término |
LEMB |
| 700 1# - PUNTO DE ACCESO ADICIONAL--NOMBRE DE PERSONA |
| Nombre de persona |
Puerta, Cristina, |
| Término indicativo de función/relación |
tr. |
| 700 1# - PUNTO DE ACCESO ADICIONAL--NOMBRE DE PERSONA |
| Nombre de persona |
Villa, María, |
| Término indicativo de función/relación |
ed. |
| 901 ## - ELEMENTOS DE DATOS A LOCAL LDA (RLIN) |
| a |
Compra, Norma; $16.000, 2008 |